5HLuxD.jpg

KING HENRY VIII SENIOR AND PRIMARY SCHOOL LIBRARY OPAC

YOU'RE A BAD MAN,MR GUM! (Record no. 5129)

000 -LEADER
fixed length control field 00329nam a22001217a 4500
008 - FIXED-LENGTH DATA ELEMENTS--GENERAL INFORMATION
fixed length control field 250701b ||||| |||| 00| 0 eng d
020 ## - INTERNATIONAL STANDARD BOOK NUMBER
International Standard Book Number 9781405223102
082 ## - DEWEY DECIMAL CLASSIFICATION NUMBER
Classification number FIC STA
100 ## - MAIN ENTRY--PERSONAL NAME
Personal name STANTON,ANDY
Relator term AUTHOR
245 ## - TITLE STATEMENT
Title YOU'RE A BAD MAN,MR GUM!
260 ## - PUBLICATION, DISTRIBUTION, ETC.
Place of publication, distribution, etc. 239 KENSINGTON HIGH STREET,LONDON W8 6SA
Name of publisher, distributor, etc. EGMONT
Date of publication, distribution, etc. 2006
942 ## - ADDED ENTRY ELEMENTS (KOHA)
Source of classification or shelving scheme
Holdings
Withdrawn status Lost status Source of classification or shelving scheme Damaged status Not for loan Collection code Permanent Location Current Location Shelving location Date acquired Total Checkouts Full call number Barcode Date last seen Date last checked out Price effective from Koha item type Public note
          Fiction KH8 Primary School Library KH8 Primary School Library Fiction 2025-07-01 1 FIC STA KHPL000007300 2025-11-10 2025-11-03 2025-07-01 Books - Fiction KH8 PRIMARY LIBRARY

Powered By KH8 IT Dept